Verbes ALL - Statistiques

Statistiques générales
  • Ce quiz a été pris 16 fois
  • Le résultat moyen est 22 sur 29
Statistiques - réponses
Hint Réponse % Correct
manger essen
100%
avoir haben
100%
faire machen
100%
jouer spielen
100%
parler sprechen
100%
danser tanzen
100%
trouver finden
86%
donner geben
86%
aider helfen
86%
acheter kaufen
86%
venir kommen
86%
apprendre lernen
86%
lire lesen
86%
dire sagen
86%
nager schwimmen
86%
voir sehen
86%
apporter bringen
71%
demander fragen
71%
dormir schlafen
71%
être sein
71%
chanter singen
71%
chercher suchen
71%
comprendre verstehen
71%
avoir besoin de brauchen
57%
expliquer erklären
57%
croire glauben
57%
rire lachen
43%
habiter wonhen
43%
montrer zeigen
29%
Aucun quiz correspondant
Distribution des résultats
% des personnes avec chaque résultat
Percentile par nombre de réponses
Votre historique - résultats
Vous n’avez pas pris ce quiz